The application of service-oriented architecture in electronic health record system /
محفوظ في:
| المؤلف الرئيسي: | |
|---|---|
| التنسيق: | أطروحة كتاب |
| اللغة: | English |
| منشور في: |
2011.
|
| الموضوعات: | |
| الوسوم: |
إضافة وسم
لا توجد وسوم, كن أول من يضع وسما على هذه التسجيلة!
|
| LEADER | 01082cam a2200277 a 4500 | ||
|---|---|---|---|
| 001 | u848247 | ||
| 003 | SIRSI | ||
| 005 | 201112281523 | ||
| 008 | 111228s2011 my a t 000 0 eng m | ||
| 040 | |a UMM | ||
| 090 | |a QA76 |b UM 2011 Kaz | ||
| 100 | 1 | |a Kazemi, Taha. | |
| 245 | 1 | 4 | |a The application of service-oriented architecture in electronic health record system / |c Taha Kazemi. |
| 260 | |c 2011. | ||
| 300 | |a x, 106 leaves : |b ill. ; |c 30 cm. | ||
| 502 | |a Dissertation (M.Comp.Sc.) -- Fakulti Sains Komputer dan Teknologi Maklumat, Universiti Malaya, 2011. | ||
| 504 | |a Bibliography: leaves 99-101. | ||
| 650 | 0 | |a Service-oriented architecture (Computer science). | |
| 650 | 0 | |a Information technology |x Management. | |
| 650 | 0 | |a Medical records |x Data processing. | |
| 650 | 0 | |a Electronic records. | |
| 650 | 0 | |a Management information systems. | |
| 710 | 2 | |a Universiti Malaya. |b Fakulti Sains Komputer dan Teknologi Maklumat. | |
| 900 | |a NHS | ||
| 596 | |a 1 | ||
| 999 | |a QA76 UM 2011 KAZ |w LC |c 1 |i A514959516 |d 8/1/2013 |e 8/1/2013 |f 29/6/2012 |g 1 |l STACKS |m P01UTAMA |n 2 |r Y |s Y |t TESIS |u 28/6/2012 | ||
